| 000 | 00935cam a22003017a 4500 | ||
|---|---|---|---|
| 003 | CHAP | ||
| 005 | 20220329134305.0 | ||
| 008 | 971013s1967 r 00010 d | ||
| 010 | _a18225 | ||
| 011 | _a19197 | ||
| 035 | _a23282 | ||
| 040 | _cCHAP | ||
| 082 |
_a338.918 _bC4 |
||
| 110 |
_aCEMLA _920939 |
||
| 245 | 1 | 3 | _aUn fondo común para América Latina |
| 260 |
_aMéxico, D.F. : _bEl centro, _c1967 |
||
| 300 | _a299 p. | ||
| 590 |
_aBATCH-UPD _b10 _c20130110 _lUCH01 _h0236 |
||
| 590 |
_aBATCH-UPD _b10 _c20130110 _lUCH01 _h1656 |
||
| 590 |
_aBATCH-UPD _b10 _c20130409 _lUCH01 _h2301 |
||
| 590 |
_aBATCH-UPD _b10 _c20130914 _lUCH01 _h0322 |
||
| 590 |
_aCONVERSION _b10 _c20130109 _lUCH01 _h1311 |
||
| 650 | 1 | 4 |
_aAmérica Latina _xIntegración económica. _95403 |
| 650 | 1 | 4 |
_aPolítica económica _zAmérica Latina. _990532 |
| 901 | _aBK | ||
| 942 | _cLIBRO | ||
| 949 |
_a338.918 C4 _bBC _cLIBRO _d33724000110391 _eLIBRO _h40790 _i23282 _si |
||
| 999 |
_c18225 _d18225 |
||